000 00839cam a2200205 i 4500
005 20260129112534.0
008 250721s2008 jo gr 000 0 ara d
082 1 4 _a371.3
_bم ح ا
100 1 _aالمحاميد، خالد خلف
_eمؤلف.
245 1 0 _aاستراتيجيات التدلريس و التقويم الحديثة ( نماذج تطبيقية ) /
_cتاليف الدكتور خالد خلف المحاميد ، الاستاذ احمد محمد التح.
250 _aالطبعة الاولى.
264 3 1 _aعمان :
_bالمؤلفان،
_c2008.
300 _a118 صفحة.
650 1 7 _aالتعلم.
650 1 7 _aاستراتيجيه التعلم.
650 1 7 _aاساليب التدريس.
700 1 _aالتح، احمد محمد
_eمؤلف.
942 _2ddc
_cBK
999 _c116154
_d116154